000 00619cam a22002054a 4500
001 15151808
003 OSt
005 20241107174125.0
008 241107m20042006gh a 000 0 eng
020 _a9988009445 (v. 1)
020 _a9988009453 (v. 2)
050 0 0 _aKRX78.B87 / KF889
_bA34 2004 / .3 2004
100 1 _aAdjei-Mensah, K.
_q(Kwadwo)
_eauthor
245 1 0 _aPrinciples of business law /
_cK. Adjei-Mensah.
250 _aThird Ed.
_bVolume 1
260 _a[Accra] :
_bHis Grace Publications,
_c2004-2006.
300 _aviii, 269 pages, 1 v. :
_c24 cm.
650 0 _aCommercial law
_zGhana.
942 _2lcc
_cBK
_n0
999 _c834
_d834